| 000 | 01075cab a2200289 4500 | ||
|---|---|---|---|
| 001 | WB3245-42 | ||
| 008 | 090401t1996 xxu||||| |||| 00| 0 eng d | ||
| 035 | _a(Sirsi) u60398 | ||
| 041 | _aeng | ||
| 245 | _aCommission | ||
| 260 | _c1996 | ||
| 350 | _a0 | ||
| 490 |
_aEstates Gazette Case Summaries _v1996 EGCS 177 (23/11/96) |
||
| 520 | _a"Dowling Kerr Ltd v Scott" CA 7 November 1996. On appeal, held that the plaintiff estate agent was not entitled to commission under the sole selling rights agreement. There had been no sale within the meaning of clauses 3 & 6 as the lease granted to the tenant had no capital value. | ||
| 650 | _aCOMMISSION | ||
| 650 | _aDOWLING KERR LTD V SCOTT | ||
| 650 | _aENTITLEMENT | ||
| 650 | _aESTATE AGENTS (UNDESIRABLE PRACTICES) NO 2 ORDER 1991 | ||
| 650 | _aESTATE AGENTS ACT 1979 | ||
| 650 | _aESTATE AGENTS' COMMISSION | ||
| 650 | _aGOODWILL | ||
| 650 | _aPREMIUM | ||
| 650 | _aSOLE SELLING RIGHTS AGREEMENT | ||
| 690 | _aMANAGEMENT-BUSINESS MANAGEMENT-PROFESSIONAL PRACTICE | ||
| 942 | _n0 | ||
| 948 | _c04/03/1997 | ||
| 999 |
_c37239 _d37239 |
||